[Event "8th Palmanova Open 2019"]
[Site "Palmanova"]
[Date "2019.12.08"]
[Round "4.1"]
[White "Margl, Roland"]
[Black "Zamengo, Fulvio"]
[Result "1/2-1/2"]
[WhiteElo "2249"]
[BlackElo "2357"]
[Annotator "NA"]
[PlyCount "154"]
[EventDate "2019.12.06"]
[EventType "swiss"]
[EventCountry "ITA"]
[SourceTitle "playchess.com"]
[Source "ChessBase"]
[SourceQuality "1"]
[TimeControl "5400+30"]

1. d4 {[%emt 0:00:00]} e6 {[%emt 0:08:08]} 2. e4 {[%emt 0:03:03]} d5 {[%emt 0:00:17]} 3. exd5 {[%emt 0:00:07]} exd5 {[%emt 0:00:12]} 4. Nf3 {[%emt 0:00:11]} Bd6 {[%emt 0:03:45]} 5. c4 {[%emt 0:02:51]} dxc4 $14 {[%emt 0:03:13]} 6. Bxc4 {[%emt 0:00:05]} Nf6 {[%emt 0:00:06]} 7. O-O {[%emt 0:00:48]} O-O {[%emt 0:00:06]} 8. Bg5 {[%emt 0:06:25]} Nc6 {[%emt 0:23:51]} 9. Nc3 {[%emt 0:03:14]} h6 {[%emt 0:00:20]} 10. Bh4 {[%emt 0:01:18]} Bg4 {[%emt 0:00:08]} 11. d5 {[%emt 0:10:36]} Ne5 {[%emt 0:20:46]} 12. Be2 {[%emt 0:00:21]} Ng6 {[%emt 0:00:19]} 13. Bg3 {[%emt 0:04:59]} Bxg3 {[%emt 0:01:17]} 14. hxg3 {[%emt 0:00:34]} Re8 {[%emt 0:02:39]} 15. Re1 {[%emt 0:02:20]} a6 {[%emt 0:00:22]} 16. Qb3 {[%emt 0:10:00]} Qd6 {[%emt 0:00:38]} 17. Qxb7 {[%emt 0:12:07]} Reb8 {[%emt 0:05:26]} 18. Qc6 {[%emt 0:00:30]} Qxc6 {[%emt 0:00:10]} 19. dxc6 {[%emt 0:00:04]} Rxb2 {[%emt 0:00:22]} 20. Rab1 {[%emt 0:00:44]} Rc2 {[%emt 0:00:48]} 21. Rec1 {[%emt 0:00:15]} Rxc1+ {[%emt 0:00:08]} 22. Rxc1 {[%emt 0:00:04]} Ne7 {[%emt 0:01:33]} 23. Rb1 {[%emt 0:07:58]} Nxc6 {[%emt 0:08:47]} 24. Rb7 {[%emt 0:00:17]} Ne8 {[%emt 0:00:08]} 25. Nd5 {[%emt 0:07:43]} Bc8 {[%emt 0:00:15]} 26. Rb2 {[%emt 0:02:30]} Be6 {[%emt 0:00:06]} 27. Nf4 {[%emt 0:00:18]} Bd7 {[%emt 0:00:05]} 28. a3 {[%emt 0:06:38]} Rb8 {[%emt 0:02:44]} 29. Rc2 {[%emt 0:02:48]} Rb1+ {[%emt 0:00:07]} 30. Bf1 {[%emt 0:01:43]} Nf6 {[%emt 0:00:10]} 31. Nd2 {[%emt 0:00:30]} Rd1 {[%emt 0:01:59]} 32. f3 {[%emt 0:01:14]} g5 {[%emt 0:03:56]} 33. Ne2 {[%emt 0:00:36]} Nd5 {[%emt 0:00:17]} 34. Kf2 {[%emt 0:01:15]} Ne5 {[%emt 0:00:07]} 35. Nd4 {[%emt 0:02:10]} Ba4 {[%emt 0:06:14]} 36. Rb2 {[%emt 0:00:49]} c5 {[%emt 0:02:20]} 37. N4b3 {[%emt 0:02:22]} Bxb3 {[%emt 0:02:09]} 38. Nxb3 {[%emt 0:00:19]} c4 {[%emt 0:00:32]} 39. Rd2 {[%emt 0:02:01]} Rxd2+ {[%emt 0:01:20]} 40. Nxd2 {[%emt 0:00:05]} Nb6 {[%emt 0:04:10]} 41. Ke3 {[%emt 0:00:12]} c3 {[%emt 0:00:00]} 42. Nb3 {[%emt 0:00:07]} Nec4+ {[%emt 0:00:00]} 43. Kd4 {[%emt 0:00:15]} Nxa3 {[%emt 0:00:53]} 44. Bxa6 {[%emt 0:08:05]} Na4 {[%emt 0:00:14]} 45. Bc8 {[%emt 0:00:54]} c2 {[%emt 0:00:50]} 46. Bd7 {[%emt 0:00:41]} Nb6 {[%emt 0:00:01]} 47. Bc6 {[%emt 0:00:22]} Nbc4 {[%emt 0:00:33]} 48. Nc1 {[%emt 0:00:49]} Kg7 {[%emt 0:00:17]} 49. Bd5 {[%emt 0:00:36]} Nd6 {[%emt 0:00:24]} 50. g4 {[%emt 0:00:14]} Kf6 {[%emt 0:00:09]} 51. Bb3 {[%emt 0:00:29]} Nab5+ {[%emt 0:00:27]} 52. Kd3 {[%emt 0:00:37]} Ke5 {[%emt 0:00:01]} 53. Bxc2 {[%emt 0:00:17]} Nd4 {[%emt 0:00:15]} 54. Bd1 {[%emt 0:00:30]} Ne6 {[%emt 0:00:30]} 55. Ke3 {[%emt 0:00:46]} Nf4 {[%emt 0:00:07]} 56. g3 {[%emt 0:00:16]} Nd5+ {[%emt 0:00:08]} 57. Kd3 {[%emt 0:00:43]} Nb4+ {[%emt 0:00:11]} 58. Ke3 {[%emt 0:00:13]} Nc4+ {[%emt 0:00:05]} 59. Kf2 {[%emt 0:00:11]} Kd4 {[%emt 0:00:05]} 60. Bb3 {[%emt 0:00:27]} Ne5 {[%emt 0:00:38]} 61. Ke2 {[%emt 0:01:20]} f6 {[%emt 0:00:06]} 62. Be6 {[%emt 0:00:18]} Ned3 {[%emt 0:00:15]} 63. Nxd3 {[%emt 0:00:28]} Nxd3 {[%emt 0:00:01]} 64. Bc8 {[%emt 0:00:13]} Nc1+ {[%emt 0:00:32]} 65. Kd2 {[%emt 0:00:11]} Nb3+ {[%emt 0:00:05]} 66. Ke2 {[%emt 0:00:04]} Nc5 {[%emt 0:01:09]} 67. Bf5 {[%emt 0:00:06]} Nb7 {[%emt 0:00:19]} 68. Bc8 {[%emt 0:00:09]} Nd6 {[%emt 0:00:05]} 69. Bd7 {[%emt 0:00:04]} Nc4 {[%emt 0:02:31]} 70. Bf5 {[%emt 0:00:25]} Ke5 {[%emt 0:02:07]} 71. Bd3 {[%emt 0:00:24]} Nb6 {[%emt 0:00:07]} 72. Bh7 {[%emt 0:00:28]} Nc4 {[%emt 0:00:36]} 73. Bd3 {[%emt 0:00:07]} Nd6 {[%emt 0:01:00]} 74. Ke3 {[%emt 0:00:10]} Kd5 {[%emt 0:00:29]} 75. Bh7 {[%emt 0:00:37]} Nc4+ {[%emt 0:00:07]} 76. Kd3 {[%emt 0:00:11]} Nb2+ {[%emt 0:00:06]} 77. Kc2 {[%emt 0:00:24]} Na4 {[%emt 0:01:03]} 1/2-1/2

[Event "8th Palmanova Open 2019"]
[Site "Palmanova"]
[Date "2019.12.08"]
[Round "4.2"]
[White "Lekic, Dusan"]
[Black "Kobal, Sasa"]
[Result "1-0"]
[WhiteElo "2347"]
[BlackElo "2100"]
[Annotator "NA"]
[PlyCount "131"]
[EventDate "2019.12.06"]
[EventType "swiss"]
[EventCountry "ITA"]
[SourceTitle "playchess.com"]
[Source "ChessBase"]
[SourceQuality "1"]
[TimeControl "5400+30"]

1. d4 {[%emt 0:02:58]} d6 {[%emt 0:00:34]} 2. Nf3 {[%emt 0:00:36]} g6 {[%emt 0:00:19]} 3. e4 {[%emt 0:00:27]} Bg7 {[%emt 0:00:09]} 4. Bc4 {[%emt 0:00:53]} Nf6 {[%emt 0:04:54]} 5. Qe2 {[%emt 0:00:14]} c6 {[%emt 0:05:31]} 6. Bb3 {[%emt 0:00:37]} O-O {[%emt 0:00:48]} 7. O-O {[%emt 0:02:31]} d5 {[%emt 0:06:03]} 8. e5 $14 {[%emt 0:02:55]} Ne4 {[%emt 0:03:28]} 9. Ne1 {[%emt 0:04:11]} h6 {[%emt 0:01:40]} 10. Nd3 {[%emt 0:06:16]} Na6 {[%emt 0:02:47]} 11. c3 {[%emt 0:01:37]} c5 {[%emt 0:02:10]} 12. Nf4 {[%emt 0:03:36]} cxd4 {[%emt 0:11:11]} 13. cxd4 {[%emt 0:02:22]} e6 {[%emt 0:03:08]} 14. Be3 {[%emt 0:03:18]} Bd7 {[%emt 0:02:26]} 15. f3 {[%emt 0:01:23]} Ng5 {[%emt 0:03:26]} 16. Nc3 {[%emt 0:00:32]} Nc7 {[%emt 0:04:09]} 17. Bc2 {[%emt 0:02:04]} Rc8 {[%emt 0:02:48]} 18. h4 {[%emt 0:02:52]} Nh7 {[%emt 0:01:31]} 19. h5 {[%emt 0:00:34]} g5 {[%emt 0:04:21]} 20. Qd3 {[%emt 0:01:34]} f5 {[%emt 0:00:07]} 21. exf6 {[%emt 0:00:25]} Nxf6 {[%emt 0:00:08]} 22. Ng6 {[%emt 0:00:07]} Rf7 {[%emt 0:04:07]} 23. Ne5 {[%emt 0:01:16]} Re7 {[%emt 0:00:13]} 24. g4 {[%emt 0:00:57]} Bb5 {[%emt 0:09:27]} 25. Nxb5 {[%emt 0:08:00]} Nxb5 {[%emt 0:00:05]} 26. Rac1 {[%emt 0:03:36]} Nd6 {[%emt 0:00:25]} 27. Bf2 {[%emt 0:03:06]} Rec7 {[%emt 0:02:58]} 28. Bg3 {[%emt 0:03:25]} a6 {[%emt 0:09:10]} 29. Rf2 {[%emt 0:01:15]} Qe8 {[%emt 0:05:06]} 30. Ng6 {[%emt 0:02:30]} Rc6 {[%emt 0:01:35]} 31. Re1 {[%emt 0:01:40]} Nc4 {[%emt 0:01:22]} 32. Bb1 {[%emt 0:00:56]} Rb6 {[%emt 0:00:30]} 33. Ree2 {[%emt 0:01:52]} Qd7 {[%emt 0:06:29]} 34. Kg2 {[%emt 0:01:05]} Bf8 {[%emt 0:00:34]} 35. Ne5 {[%emt 0:02:33]} Qg7 {[%emt 0:00:20]} 36. Qd1 {[%emt 0:04:14]} Bd6 {[%emt 0:00:50]} 37. b3 {[%emt 0:00:30]} Na3 {[%emt 0:00:47]} 38. Bg6 {[%emt 0:00:20]} Bxe5 {[%emt 0:00:15]} 39. Rxe5 {[%emt 0:01:08]} Nb5 {[%emt 0:00:41]} 40. a4 {[%emt 0:02:54]} Nc3 {[%emt 0:00:41]} 41. Qd3 {[%emt 0:00:15]} Rbc6 {[%emt 0:01:32]} 42. Rc2 {[%emt 0:01:26]} b5 {[%emt 0:00:11]} 43. axb5 {[%emt 0:01:24]} Nxb5 {[%emt 0:01:11]} 44. Rce2 {[%emt 0:03:18]} Qd7 {[%emt 0:00:39]} 45. Qd2 {[%emt 0:01:59]} Nc3 {[%emt 0:00:32]} 46. Re1 {[%emt 0:00:19]} Nb5 {[%emt 0:00:09]} 47. Bf2 {[%emt 0:00:49]} Rb8 {[%emt 0:01:07]} 48. Bb1 {[%emt 0:01:04]} Nc3 {[%emt 0:00:24]} 49. Bc2 {[%emt 0:00:08]} a5 {[%emt 0:00:43]} 50. Qd3 {[%emt 0:00:16]} a4 {[%emt 0:00:26]} 51. bxa4 {[%emt 0:00:40]} Qf7 {[%emt 0:00:26]} 52. a5 {[%emt 0:01:17]} Nd7 {[%emt 0:00:23]} 53. R5e3 {[%emt 0:01:20]} Rbc8 {[%emt 0:00:21]} 54. Qd2 {[%emt 0:01:36]} Qf4 {[%emt 0:01:07]} 55. Qd3 {[%emt 0:02:43]} Ne4 {[%emt 0:00:26]} 56. Rxe4 {[%emt 0:01:14]} dxe4 {[%emt 0:00:21]} 57. Rxe4 {[%emt 0:00:09]} Qf6 {[%emt 0:00:35]} 58. Bb3 {[%emt 0:00:30]} Nf8 {[%emt 0:00:29]} 59. d5 {[%emt 0:01:32]} Rc3 {[%emt 0:00:20]} 60. Qd1 {[%emt 0:00:13]} Rc1 {[%emt 0:00:45]} 61. Qe2 {[%emt 0:00:15]} e5 {[%emt 0:00:31]} 62. d6+ {[%emt 0:01:03]} Kh8 {[%emt 0:00:19]} 63. Rxe5 {[%emt 0:00:11]} Qxd6 {[%emt 0:00:11]} 64. Rd5 {[%emt 0:00:36]} Qf4 {[%emt 0:01:02]} 65. Bd4+ {[%emt 0:00:15]} Kh7 {[%emt 0:00:35]} 66. Qe7+ {[%emt 0:00:16]} 1-0

[Event "8th Palmanova Open 2019"]
[Site "Palmanova"]
[Date "2019.12.08"]
[Round "4.3"]
[White "Savanovic, Aleksandar"]
[Black "Lumachi, Gabriele"]
[Result "1/2-1/2"]
[WhiteElo "2420"]
[BlackElo "2241"]
[Annotator "NA"]
[PlyCount "89"]
[EventDate "2019.12.06"]
[EventType "swiss"]
[EventCountry "ITA"]
[SourceTitle "playchess.com"]
[Source "ChessBase"]
[SourceQuality "1"]
[TimeControl "5400+30"]

1. e4 {[%emt 0:02:41]} e5 {[%emt 0:00:00]} 2. Nf3 {[%emt 0:00:15]} Nc6 {[%emt 0:00:00]} 3. Bb5 {[%emt 0:00:05]} Nf6 {[%emt 0:00:00]} 4. O-O {[%emt 0:00:05]} Nxe4 {[%emt 0:00:00]} 5. d4 {[%emt 0:00:07]} Nd6 {[%emt 0:00:15]} 6. Bxc6 {[%emt 0:00:09]} dxc6 {[%emt 0:00:10]} 7. dxe5 {[%emt 0:00:05]} Nf5 {[%emt 0:00:08]} 8. Qxd8+ {[%emt 0:00:06]} Kxd8 {[%emt 0:00:06]} 9. Nc3 {[%emt 0:00:04]} Bd7 {[%emt 0:04:09]} 10. h3 $11 {[%emt 0:14:29]} Ne7 {[%emt 0:13:40]} 11. Ng5 {[%emt 0:10:03]} Ke8 {[%emt 0:03:03]} 12. Re1 {[%emt 0:02:44]} h6 {[%emt 0:13:03]} 13. e6 {[%emt 0:00:24]} fxe6 {[%emt 0:03:03]} 14. Nxe6 {[%emt 0:00:08]} Bxe6 {[%emt 0:00:23]} 15. Rxe6 {[%emt 0:00:05]} Kf7 {[%emt 0:05:17]} 16. Re2 {[%emt 0:03:46]} Nf5 {[%emt 0:06:54]} 17. Ne4 {[%emt 0:09:17]} Re8 {[%emt 0:14:28]} 18. c3 {[%emt 0:00:25]} Nd6 {[%emt 0:02:55]} 19. Ng3 {[%emt 0:01:24]} Rxe2 {[%emt 0:00:35]} 20. Nxe2 {[%emt 0:00:09]} Be7 {[%emt 0:04:07]} 21. Bf4 {[%emt 0:01:38]} Bf6 {[%emt 0:01:38]} 22. Rd1 {[%emt 0:00:38]} Re8 {[%emt 0:00:58]} 23. Kf1 {[%emt 0:00:42]} Be5 {[%emt 0:02:45]} 24. Bxe5 {[%emt 0:09:06]} Rxe5 {[%emt 0:00:08]} 25. Rd2 {[%emt 0:43:55]} a5 {[%emt 0:05:54]} 26. g4 {[%emt 0:00:00]} a4 {[%emt 0:01:14]} 27. b3 {[%emt 0:00:00]} axb3 {[%emt 0:01:58]} 28. axb3 {[%emt 0:00:00]} Ra5 {[%emt 0:04:48]} 29. f3 {[%emt 0:00:00]} c5 {[%emt 0:00:36]} 30. Kf2 {[%emt 0:00:00]} Ra3 {[%emt 0:00:50]} 31. Rb2 {[%emt 0:00:00]} Ra1 {[%emt 0:01:14]} 32. h4 {[%emt 0:00:00]} h5 {[%emt 0:02:52]} 33. c4 {[%emt 0:00:00]} hxg4 {[%emt 0:03:05]} 34. fxg4 {[%emt 0:00:00]} c6 {[%emt 0:00:15]} 35. Ng3 {[%emt 0:00:00]} b5 {[%emt 0:00:43]} 36. Rd2 {[%emt 0:00:00]} Ke6 {[%emt 0:00:56]} 37. Re2+ {[%emt 0:00:00]} Kf7 {[%emt 0:00:05]} 38. Rd2 {[%emt 0:00:00]} Ke6 {[%emt 0:00:05]} 39. Re2+ {[%emt 0:00:00]} Kf7 {[%emt 0:00:05]} 40. Ne4 {[%emt 0:00:00]} Nxe4+ {[%emt 0:01:39]} 41. Rxe4 {[%emt 0:00:00]} Rb1 {[%emt 0:01:07]} 42. Re3 {[%emt 0:00:00]} Rc1 {[%emt 0:00:42]} 43. Re4 {[%emt 0:00:00]} Rb1 {[%emt 0:00:27]} 44. Re3 {[%emt 0:00:00]} Rc1 {[%emt 0:00:06]} 45. Re4 {[%emt 0:00:00]} 1/2-1/2

[Event "8th Palmanova Open 2019"]
[Site "Palmanova"]
[Date "2019.12.08"]
[Round "4.4"]
[White "Trussevich, Sergey"]
[Black "Ghersinich, Enrico"]
[Result "0-1"]
[WhiteElo "2280"]
[BlackElo "2157"]
[Annotator "NA"]
[PlyCount "76"]
[EventDate "2019.12.06"]
[EventType "swiss"]
[EventCountry "ITA"]
[SourceTitle "playchess.com"]
[Source "ChessBase"]
[SourceQuality "1"]
[TimeControl "5400+30"]

1. Nf3 {[%emt 0:00:00]} d5 {[%emt 0:00:00]} 2. e3 {[%emt 0:00:00]} Nf6 {[%emt 0:00:19]} 3. b3 {[%emt 0:00:00]} g6 {[%emt 0:02:11]} 4. Bb2 {[%emt 0:00:00]} Bg7 {[%emt 0:00:07]} 5. Be2 {[%emt 0:00:11]} O-O {[%emt 0:00:19]} 6. O-O {[%emt 0:00:03]} b6 {[%emt 0:03:46]} 7. c4 {[%emt 0:00:45]} Bb7 {[%emt 0:00:39]} 8. cxd5 {[%emt 0:01:00]} Bxd5 {[%emt 0:03:49]} 9. Qc2 {[%emt 0:00:48]} c5 {[%emt 0:00:52]} 10. d3 {[%emt 0:00:29]} Nbd7 {[%emt 0:03:08]} 11. Nbd2 {[%emt 0:02:01]} Qc7 {[%emt 0:03:21]} 12. h3 {[%emt 0:00:36]} Rfe8 $14 {[%emt 0:03:50]} 13. Rac1 {[%emt 0:04:10]} Qb7 {[%emt 0:04:44]} 14. Qb1 {[%emt 0:15:37]} Rad8 {[%emt 0:09:47]} 15. a3 {[%emt 0:02:53]} Bh6 {[%emt 0:00:40]} 16. b4 {[%emt 0:08:57]} Qa8 {[%emt 0:06:02]} 17. Qa1 {[%emt 0:05:48]} Bb7 {[%emt 0:04:04]} 18. e4 {[%emt 0:08:35]} Nh5 {[%emt 0:01:10]} 19. g3 {[%emt 0:02:40]} Qb8 {[%emt 0:04:14]} 20. Kh2 {[%emt 0:04:00]} Be3 {[%emt 0:00:38]} 21. Kg2 {[%emt 0:17:16]} Bxf2 {[%emt 0:14:41]} 22. Rxf2 {[%emt 0:01:09]} Qxg3+ {[%emt 0:00:07]} 23. Kf1 {[%emt 0:00:19]} Nf4 {[%emt 0:00:36]} 24. Ng1 {[%emt 0:06:48]} Ba6 {[%emt 0:00:46]} 25. Nc4 {[%emt 0:05:59]} Nxe2 {[%emt 0:02:59]} 26. Kxe2 {[%emt 0:05:56]} Ne5 {[%emt 0:08:42]} 27. Nxe5 {[%emt 0:00:18]} Rxd3 {[%emt 0:00:06]} 28. Nc4 {[%emt 0:06:40]} Rd2+ {[%emt 0:05:55]} 29. Kxd2 {[%emt 0:00:03]} Qxf2+ {[%emt 0:00:06]} 30. Kc3 {[%emt 0:01:20]} Qg3+ {[%emt 0:00:06]} 31. Kc2 {[%emt 0:00:34]} Bxc4 {[%emt 0:00:07]} 32. Bc3 {[%emt 0:00:30]} Qg2+ {[%emt 0:00:38]} 33. Bd2 {[%emt 0:00:29]} Qxe4+ {[%emt 0:00:37]} 34. Kc3 {[%emt 0:00:33]} Qd3+ {[%emt 0:00:19]} 35. Kb2 {[%emt 0:00:01]} Qe4 {[%emt 0:18:05]} 36. Bc3 {[%emt 0:01:32]} Rd8 37. Qb1 {[%emt 0:00:30]} Be6 38. Ka1 {[%emt 0:00:30]} Qc4 0-1

[Event "8th Palmanova Open 2019"]
[Site "Palmanova"]
[Date "2019.12.08"]
[Round "4.5"]
[White "Forti, Francesco"]
[Black "Dappiano, Andrea"]
[Result "1/2-1/2"]
[WhiteElo "1903"]
[BlackElo "2258"]
[Annotator "NA"]
[PlyCount "96"]
[EventDate "2019.12.06"]
[EventType "swiss"]
[EventCountry "ITA"]
[SourceTitle "playchess.com"]
[Source "ChessBase"]
[SourceQuality "1"]
[TimeControl "5400+30"]

1. d4 {[%emt 0:00:00]} e6 {[%emt 0:02:12]} 2. c4 {[%emt 0:01:23]} f5 {[%emt 0:00:30]} 3. g3 {[%emt 0:00:29]} Nf6 {[%emt 0:00:05]} 4. Bg2 {[%emt 0:00:40]} d5 {[%emt 0:00:17]} 5. Nh3 {[%emt 0:00:39]} c6 {[%emt 0:01:04]} 6. O-O {[%emt 0:01:22]} Bd6 {[%emt 0:01:25]} 7. Bf4 {[%emt 0:00:55]} Be7 {[%emt 0:00:16]} 8. Nc3 {[%emt 0:04:34]} O-O {[%emt 0:02:35]} 9. Bxb8 {[%emt 1:24:28]} Rxb8 {[%emt 0:00:08]} 10. Nf4 $17 {[%emt 0:00:00]} (10. cxd5 $11 {remains equal.} exd5 11. Rc1) 10... Ne4 {[%emt 0:16:49]} 11. Nd3 {[%emt 0:00:00]} Bd7 {[%emt 0:09:10]} 12. Ne5 {[%emt 0:00:00]} Be8 {[%emt 0:00:34]} 13. Nxe4 {[%emt 0:00:00]} dxe4 {[%emt 1:01:25]} 14. f3 {[%emt 0:00:00]} Bg5 {[%emt 0:00:00]} 15. f4 {[%emt 0:00:00]} Be7 {[%emt 0:00:00]} 16. c5 {[%emt 0:00:00]} b6 {[%emt 0:00:00]} 17. b4 {[%emt 0:00:00]} Qd5 {[%emt 0:00:00]} 18. e3 {[%emt 0:00:00]} g5 {[%emt 0:00:00]} 19. Qa4 {[%emt 0:00:00]} a5 {[%emt 0:00:00]} 20. a3 {[%emt 0:00:00]} gxf4 {[%emt 0:00:00]} 21. gxf4 {[%emt 0:00:00]} bxc5 {[%emt 0:00:00]} 22. bxc5 {[%emt 0:00:00]} Qb3 {[%emt 0:00:00]} 23. Qxb3 {[%emt 0:00:00]} Rxb3 {[%emt 0:00:00]} 24. Nc4 {[%emt 0:00:00]} Bd7 {[%emt 0:00:00]} 25. Kf2 {[%emt 0:00:00]} Bh4+ {[%emt 0:00:00]} 26. Kg1 {[%emt 0:00:00]} Rfb8 {[%emt 0:00:00]} 27. Rfc1 {[%emt 0:03:05]} Be8 {[%emt 0:00:00]} 28. Bf1 {[%emt 0:00:58]} Bh5 {[%emt 0:00:00]} 29. Rc2 {[%emt 0:02:51]} Bd8 {[%emt 0:00:00]} 30. Raa2 {[%emt 0:01:13]} Bc7 {[%emt 0:00:00]} 31. Rab2 {[%emt 0:00:44]} a4 {[%emt 0:00:00]} 32. Rxb3 {[%emt 0:00:53]} Rxb3 {[%emt 0:00:00]} 33. Rb2 {[%emt 0:00:46]} Kf8 {[%emt 0:01:08]} 34. Rxb3 {[%emt 0:02:00]} axb3 {[%emt 0:00:08]} 35. Kf2 {[%emt 0:00:00]} Bd1 {[%emt 0:03:48]} 36. Ke1 {[%emt 0:00:00]} Bc2 {[%emt 0:00:04]} 37. Kd2 {[%emt 0:00:00]} Ke8 {[%emt 0:02:06]} 38. Be2 {[%emt 0:00:00]} Bd8 {[%emt 0:00:21]} 39. Bd1 {[%emt 0:00:05]} Bd3 {[%emt 0:01:04]} 40. Bxb3 {[%emt 0:00:01]} Bxc4 {[%emt 0:00:40]} 41. Bxc4 {[%emt 0:03:24]} Kd7 {[%emt 0:00:08]} 42. Ke2 {[%emt 0:00:00]} h6 {[%emt 0:00:36]} 43. Kd2 {[%emt 0:00:00]} h5 {[%emt 0:00:17]} 44. h3 {[%emt 0:00:00]} h4 {[%emt 0:00:06]} 45. Ke2 {[%emt 0:00:00]} Ba5 {[%emt 0:00:01]} 46. Kf2 {[%emt 0:00:00]} Bc3 {[%emt 0:00:26]} 47. Ke2 {[%emt 0:00:00]} Bb2 {[%emt 0:00:06]} 48. a4 {[%emt 0:00:00]} Bc3 {[%emt 0:00:04]} 1/2-1/2

[Event "8th Palmanova Open 2019"]
[Site "Palmanova"]
[Date "2019.12.08"]
[Round "4.6"]
[White "Savanovic, Maksim"]
[Black "Belli, Giorgio"]
[Result "0-1"]
[WhiteElo "2062"]
[BlackElo "2136"]
[Annotator "NA"]
[PlyCount "78"]
[EventDate "2019.12.06"]
[EventType "swiss"]
[EventCountry "ITA"]
[SourceTitle "playchess.com"]
[Source "ChessBase"]
[SourceQuality "1"]
[TimeControl "5400+30"]

1. d4 {[%emt 0:03:33]} Nf6 {[%emt 0:14:06]} 2. Bf4 {[%emt 0:00:02]} e6 {[%emt 0:00:54]} 3. e3 {[%emt 0:00:02]} b6 {[%emt 0:00:07]} 4. Nf3 {[%emt 0:00:06]} Bb7 {[%emt 0:00:09]} 5. Nbd2 {[%emt 0:00:07]} Be7 {[%emt 0:00:19]} 6. h3 {[%emt 0:00:09]} O-O {[%emt 0:00:14]} 7. Bd3 {[%emt 0:00:08]} c5 {[%emt 0:00:20]} 8. c3 {[%emt 0:00:03]} d6 {[%emt 0:01:02]} 9. O-O {[%emt 0:00:07]} Nc6 {[%emt 0:00:21]} 10. Qe2 {[%emt 0:00:31]} Rc8 $11 {[%emt 0:01:17]} 11. Bh2 {[%emt 0:17:07]} Re8 {[%emt 0:00:42]} 12. a3 {[%emt 0:02:56]} Bf8 {[%emt 0:03:00]} 13. e4 {[%emt 0:02:46]} d5 {[%emt 0:05:15]} 14. e5 {[%emt 0:07:06]} Nd7 {[%emt 0:00:34]} 15. Qe3 {[%emt 0:09:35]} f6 {[%emt 0:05:13]} 16. Qf4 {[%emt 0:16:59]} g6 {[%emt 0:04:09]} 17. h4 {[%emt 0:02:37]} Bg7 {[%emt 0:07:44]} 18. Rae1 {[%emt 0:06:03]} Rf8 {[%emt 0:02:57]} 19. Qg4 {[%emt 0:01:06]} f5 {[%emt 0:00:29]} 20. Qg3 {[%emt 0:04:29]} Bh6 {[%emt 0:04:57]} 21. Re2 {[%emt 0:01:52]} a6 {[%emt 0:03:57]} 22. Qh3 {[%emt 0:00:56]} b5 {[%emt 0:02:30]} 23. g4 {[%emt 0:00:27]} Ne7 {[%emt 0:12:45]} 24. Kh1 {[%emt 0:03:41]} Kf7 {[%emt 0:05:00]} 25. h5 {[%emt 0:02:48]} Rh8 {[%emt 0:01:12]} 26. Nh4 {[%emt 0:02:50]} Ke8 {[%emt 0:03:55]} 27. hxg6 {[%emt 0:05:20]} hxg6 {[%emt 0:00:22]} 28. Nxg6 {[%emt 0:02:09]} Nxg6 {[%emt 0:00:12]} 29. gxf5 {[%emt 0:02:19]} Bf4 {[%emt 0:01:55]} 30. Qg4 {[%emt 0:01:51]} Rxh2+ {[%emt 0:05:34]} 31. Kg1 {[%emt 0:00:01]} Rh6 {[%emt 0:01:33]} 32. fxe6 {[%emt 0:01:50]} Ndf8 {[%emt 0:00:53]} 33. Nf3 {[%emt 0:02:22]} Qe7 {[%emt 0:01:19]} 34. Kg2 {[%emt 0:00:52]} Nh4+ {[%emt 0:00:57]} 35. Nxh4 {[%emt 0:00:40]} Qxh4 {[%emt 0:01:11]} 36. Qxh4 {[%emt 0:00:27]} Rxh4 {[%emt 0:00:05]} 37. Bf5 {[%emt 0:00:28]} Rc7 {[%emt 0:01:19]} 38. Kf3 {[%emt 0:00:01]} Rg7 {[%emt 0:00:23]} 39. Ree1 {[%emt 0:00:43]} Bh2 {[%emt 0:10:39] Ke4} 0-1

[Event "8th Palmanova Open 2019"]
[Site "Palmanova"]
[Date "2019.12.08"]
[Round "4.7"]
[White "Hercegovac, Neven"]
[Black "Gregoric, Andraz"]
[Result "0-1"]
[WhiteElo "2003"]
[BlackElo "2036"]
[Annotator "NA"]
[PlyCount "56"]
[EventDate "2019.12.06"]
[EventType "swiss"]
[EventCountry "ITA"]
[SourceTitle "playchess.com"]
[Source "ChessBase"]
[SourceQuality "1"]
[TimeControl "5400+30"]

1. e4 {[%emt 0:00:00]} e5 {[%emt 0:02:26]} 2. Nf3 {[%emt 0:00:00]} Nc6 {[%emt 0:00:05]} 3. Bc4 {[%emt 0:00:00]} Bc5 {[%emt 0:00:07]} 4. O-O {[%emt 0:00:06]} Nf6 {[%emt 0:00:13]} 5. d4 {[%emt 0:00:18]} Bxd4 {[%emt 0:01:02]} 6. Nxd4 {[%emt 0:00:11]} Nxd4 {[%emt 0:00:04]} 7. f4 {[%emt 0:00:19]} d6 {[%emt 0:00:25]} 8. fxe5 {[%emt 0:00:14]} dxe5 {[%emt 0:00:19]} 9. Bg5 {[%emt 0:00:13]} Qe7 {[%emt 0:00:34]} 10. Na3 {[%emt 0:00:20]} Qc5 $14 {[%emt 0:11:37]} (10... Rg8 $15) 11. Kh1 {[%emt 0:13:44]} Be6 {[%emt 0:00:57]} 12. Bxe6 {[%emt 0:08:40]} Nxe6 {[%emt 0:00:13]} 13. Bxf6 {[%emt 0:00:08]} gxf6 {[%emt 0:00:04]} 14. Rxf6 {[%emt 0:01:43]} Qe7 {[%emt 0:02:21]} 15. Rf2 {[%emt 0:01:26]} Rd8 {[%emt 0:05:28]} 16. Rd2 {[%emt 0:01:58]} O-O {[%emt 0:06:37]} 17. c3 {[%emt 0:06:18]} Qg5 {[%emt 0:03:15]} 18. Rxd8 {[%emt 0:07:56]} Rxd8 {[%emt 0:00:05]} 19. Qf3 {[%emt 0:00:10]} Qf4 {[%emt 0:22:19]} 20. Qxf4 {[%emt 0:09:05]} Nxf4 {[%emt 0:00:19]} 21. Nc4 {[%emt 0:00:10]} f6 {[%emt 0:07:11]} 22. a4 {[%emt 0:02:16]} Nd3 {[%emt 0:00:19]} 23. Rf1 {[%emt 0:02:51]} Nf2+ {[%emt 0:00:24]} 24. Kg1 {[%emt 0:00:58]} Nxe4 {[%emt 0:00:08]} 25. Na5 {[%emt 0:02:10]} Kg7 {[%emt 0:01:30]} 26. Nxb7 {[%emt 0:00:54]} Rb8 {[%emt 0:00:23]} 27. Na5 {[%emt 0:00:06]} Rxb2 {[%emt 0:00:12]} 28. Rc1 {[%emt 0:01:00]} Ra2 {[%emt 0:00:55]} 0-1